| 000 | 00371 a2200157 4500 | ||
|---|---|---|---|
| 020 | _a8187105488 | ||
| 082 | _a005.369 | ||
| 090 |
_c6917 _d6917 |
||
| 100 | _aPaul McFedries | ||
| 245 |
_aMicrosoft Office 97. _cPaul McFedries |
||
| 250 | _a1st. | ||
| 260 |
_aNew Delhi _bUnleashed _c1997 |
||
| 300 | _a1316p. | ||
| 500 | _aPaper cover | ||
| 942 |
_aNBS _cBK _k005.369 MCF |
||
| 999 |
_c349255 _d349255 |
||